La colonización de Puerto Rico desde el descubrimiento de la Isla hasta la reversión a la corona española de los privilegios de Colón / (Record no. 173313)
[ view plain ]
| 000 -LEADER | |
|---|---|
| campo de control de longitud fija | 00928nam a2200217 i 4500 |
| 001 - NÚMERO DE CONTROL | |
| campo de control | 173313 |
| 003 - IDENTIFICADOR DE NÚMERO DE CONTROL | |
| campo de control | ES-MaACL |
| 005 - FECHA Y HORA DE LA ÚLTIMA TRANSACCIÓN | |
| campo de control | 20230906215217.0 |
| 008 - DATOS DE LONGITUD FIJA--INFORMACIÓN GENERAL | |
| campo de control de longitud fija | 091125s1969 pr a |||| | spa d |
| 080 ## - NÚMERO DE LA CLASIFICACIÓN DECIMAL UNIVERSAL | |
| Número de la Clasificación Decimal Universal | 972.95"15" |
| 100 1# - ENTRADA PRINCIPAL--NOMBRE DE PERSONA | |
| Nombre de persona | Brau, Salvador. |
| 9 (RLIN) | 31399 |
| 245 13 - MENCIÓN DEL TÍTULO | |
| Título | La colonización de Puerto Rico desde el descubrimiento de la Isla hasta la reversión a la corona española de los privilegios de Colón / |
| Mención de responsabilidad, etc. | Salvador Brau. |
| 250 ## - MENCION DE EDICION | |
| Mención de edición | 4ª ed. |
| Resto de la mención de edición | anot. por Isabel Gutiérrez del Arroyo. |
| 260 ## - PUBLICACIÓN, DISTRIBUCIÓN, ETC. | |
| Lugar de publicación, distribución, etc. | San Juan de Puerto Rico : |
| Nombre del editor, distribuidor, etc. | Instituto de Cultura Puertorriqueña, |
| Fecha de publicación, distribución, etc. | 1969. |
| 300 ## - DESCRIPCIÓN FÍSICA | |
| Extensión | 639 p. : |
| Otras características físicas | il. ; |
| Dimensiones | 22 cm. |
| 651 #4 - PUNTO DE ACCESO ADICIONAL DE MATERIA--NOMBRE GEOGRÁFICO | |
| Nombre geográfico | Puerto Rico- |
| Subdivisión general | Historia- |
| Subdivisión cronológica | 1493-1511, Descubrimiento y conquista. |
| 9 (RLIN) | 163440 |
| 651 #4 - PUNTO DE ACCESO ADICIONAL DE MATERIA--NOMBRE GEOGRÁFICO | |
| Nombre geográfico | Puerto Rico- |
| Subdivisión general | Historia- |
| Subdivisión cronológica | 1511-1898, Época colonial. |
| 9 (RLIN) | 155352 |
| 700 1# - ENTRADA AGREGADA--NOMBRE PERSONAL | |
| Nombre de persona | Gutiérrez del Arroyo, Isabel. |
| 9 (RLIN) | 61131 |
| 710 2# - ENTRADA AGREGADA--NOMBRE DE ENTIDAD CORPORATIVA | |
| Nombre de entidad corporativa o nombre de jurisdicción como elemento de entrada | Instituto de Cultura Puertorriqueña. |
| 9 (RLIN) | 4858 |
| 852 ## - LOCALIZACIÓN | |
| Ubicación | ES-MaACL |
| Número de control de estantería | C-57015 |
| Estatus retirado | Estado de pérdida | Estado de daño | No para préstamo | Biblioteca de origen | Biblioteca actual | Ubicación en estantería | Fecha de adquisición | Fuente de adquisición | Total de préstamos | Signatura topográfica completa | Código de barras | Visto por última vez | Precio de reemplazo | Tipo de ítem Koha |
|---|---|---|---|---|---|---|---|---|---|---|---|---|---|---|
| Biblioteca del Ateneo de Madrid | Biblioteca del Ateneo de Madrid | Depósito 2 | 25/11/2009 | C-57015 | 1181885 | 23/02/2023 | 23/02/2023 | Libro impreso |
